00789pab a2200121 454500008003600000100002300036245011300059520037600172650001800548650003100566650002800597773004200625180718b xxu||||| |||| 00| 0 eng d aSocharyo, Salamoen aManagerial control: a device for promoting quality and productivity in bureaucratic performance in Indonesia aThe government has always been conscious of a need to enhance the quality and productivity of the bureaucracy. The Presidential Instruction was issued and inforced to achieve this objective. However, its success is yet to be foreseen in the near future because of the continued existence of socio-economic and cultural factors that hamper its implementation. - Reproduced a Productivity a Civil Service - Indinesia aBureaucracy - Indonesia aAsian Review of Public Administration